| 000 | 00686nam a22001817a 4500 | ||
|---|---|---|---|
| 999 |
_c7562 _d7562 |
||
| 008 | 211220b ||||| |||| 00| 0 eng d | ||
| 040 | _aCDMR | ||
| 245 |
_aMediapart www.mediapart.fr _b: Premi "Jaime Arias a l'excelència periodística" : 1a edició, 2014 _c/ [coordinació a càrrec de Teresa Carreras i Esther Molas] |
||
| 260 |
_aBarcelona: _bAPEC, La Vanguardia _c2014 |
||
| 300 |
_a53 pàgines; _c20 x 20 cm |
||
| 600 | 1 | 0 |
_92964 _aArias, Jaime |
| 610 | 0 |
_94766 _aMediapart |
|
| 700 |
_94767 _aCarreras, Teresa |
||
| 700 |
_94768 _aMolas, Esther |
||
| 710 | 2 |
_92067 _aAssociació de Periodistes Europeus de Catalunya |
|
| 710 | 2 |
_91150 _aLa Vanguardia (Diari) |
|
| 942 |
_2udc _cFULLET |
||